Statistics for Cisco Acronyms 1

Click here to take the quiz!

General Stats

  • This quiz has been taken 5 times
  • The average score is 4 of 22

Answer Stats

HintAnswer% Correct
ACLaccess control list
100%
ACalternating current
67%
ADSLasymmetric digital subscriber line
67%
AAAauthentication, authorization, and accounting
67%
AHAuthentication Header
67%
ABRArea Border Router
33%
ACKacknowledgment
0%
ACTLUactivate logical unit
0%
ACTPUactivate physical unit
0%
AFIAddress Family Identifier
0%
AIMadvanced integration module
0%
AIMAdvanced Interface Module
0%
ALPSAirline Product Set
0%
ACOalarm cutoff
0%
AISAlarm indication
0%
AICAlarm Interface Controller
0%
ACEAllegro Crypto Engine
0%
ABMasynchronous balanced mode
0%
AAL5ATM adaptation layer 5
0%
ACIPATM Cable Interface Processor
0%
AIPATM Interface Processor
0%
ALCATM line card
0%

Score Distribution

Percentile by Number Answered

Percent of People with Each Score

Your Score History

You have not taken this quiz